| 000 | 00467nam a2200193Ia 4500 | ||
|---|---|---|---|
| 003 | OSt | ||
| 005 | 20230331151825.0 | ||
| 008 | 210423s2007 xx 000 0 und d | ||
| 040 | _cAL | ||
| 041 | _aeng | ||
| 082 | _a410 STAJ | ||
| 100 |
_aSTANLEY (Jason). _981052 |
||
| 245 | _aLanguage in context. | ||
| 260 |
_aNew York _bOxford University Press _c2007 |
||
| 300 |
_aviii,264 _bPB |
||
| 365 |
_b1761 _cINR |
||
| 906 | _acontext. ; Language | ||
| 942 |
_2ddc _cBK |
||
| 999 |
_c157725 _d157725 |
||